Catálogo
 En Linea

Dios ha muerto : (Registro nro. 34472)

Detalles MARC
000 -CABECERA
campo de control de longitud fija 00774nam a2200205 a 4500
001 - NÚMERO DE CONTROL
campo de control 000034981
005 - FECHA Y HORA DE LA ÚLTIMA TRANSACCIÓN
campo de control 20200930074027.0
008 - DATOS DE LONGITUD FIJA--INFORMACIÓN GENERAL
campo de control de longitud fija 111024s1965 ag 000 0 spa d
040 ## - FUENTE DE LA CATALOGACIÓN
Centro catalogador/agencia de origen DO-SdBNP
Lengua de catalogación spa
Centro/agencia transcriptor BNPHU
041 17 - CÓDIGO DE LENGUA
Código de lengua del texto/banda sonora o título independiente spa
Código de lengua original fre
100 1# - ENTRADA PRINCIPAL--NOMBRE DE PERSONA
Nombre de persona Garaudy, Roger,
Fechas asociadas al nombre 1913-
9 (RLIN) 60583
245 10 - MENCIÓN DE TÍTULO
Título Dios ha muerto :
Resto del título un estudio sobre Hegel /
Mención de responsabilidad, etc. Roger Garaudy ; tradujo del francés Matilde Alemán.
260 ## - PUBLICACIÓN, DISTRIBUCIÓN, ETC.
Lugar de publicación, distribución, etc. Buenos Aires :
Nombre del editor, distribuidor, etc. Platina,
Fecha de publicación, distribución, etc. 1965.
300 ## - DESCRIPCIÓN FÍSICA
Extensión 418, [3] p. ;
Dimensiones 20 cm.
500 ## - NOTA GENERAL
Nota general Tít. original: Dieu est mort: e´tude sur Hegel
590 ## - NOTA LOCAL (RLIN)
Nota local Perteneció a la biblioteca personal de Juan Isidro Jimenes Grullón
600 14 - PUNTO DE ACCESO ADICIONAL DE MATERIA--NOMBRE DE PERSONA
Nombre de persona Hegel, Georg Wilhelm Friedrich,
Fechas asociadas al nombre 1770-1831
9 (RLIN) 60584
650 24 - PUNTO DE ACCESO ADICIONAL DE MATERIA--TÉRMINO DE MATERIA
Término de materia o nombre geográfico como elemento de entrada Filosofia hegeliana
9 (RLIN) 60585
700 1# - PUNTO DE ACCESO ADICIONAL--NOMBRE DE PERSONA
Nombre de persona Alemán, Matilde,
Término indicativo de función/relación trad.
9 (RLIN) 60586
Existencias
Estado de retiro Estado de pérdida Restricciones de uso No para préstamo Código de colección Localización permanente Ubicación/localización actual Ubicación en estantería Fecha de adquisición Número de inventario Total de préstamos Signatura topográfica completa Código de barras Fecha visto por última vez Precio válido a partir de Tipo de ítem Koha Nota pública
        Monografías: Libros y Folletos General General Orden iniciada 24.10.2011 LF1   34981-10 25.06.2020 25.06.2020 No se presta Biblioteca Juan Isidro Jiménes Grullón

Con tecnología Koha